Weeks held by Princess Alliance - Statistics

General Stats
  • This quiz has been taken 8 times
  • The average score is 42 of 95
Answer Stats
Date Week % Correct
12th January 2022 to 19th January 2022 water
100%
20th April 2022 to 27th April 2022 100 subscribers
67%
8th June 2022 to 15th June 2022 coin and sea
67%
9th March 2022 to 16th March 2022 colors 1
67%
16th March 2022 to 23rd March 2022 colors 2
67%
16th November 2022 to 23rd November 2022 colors 3
67%
23rd November 2022 to 30th November 2022 colors 4
67%
3rd August 2022 to 10th August 2022 day
67%
27th April 2022 to 4th May 2022 egg and cheese
67%
13th July 2022 to 20th July 2022 electric
67%
30th March 2022 to 6th April 2022 fire and lava
67%
16th February 2022 to 23rd February 2022 fish
67%
6th November 2024 to 13th November 2024 flow
67%
2nd Feburary 2022 to 9th February 2022 flowers
67%
9th February 2022 to 16th February 2022 fruits and candy
67%
20th July 2022 to 27th July 2022 grass
67%
23rd February 2022 to 2nd March 2022 ice and snow
67%
17th August 2022 to 24th August 2022 icy
67%
10th August 2022 to 17th August 2022 jewel and queen
67%
26th January 2022 to 2nd February 2022 light
67%
2nd March 2022 to 9th March 2022 metal
67%
7th September 2022 to 14th September 2022 moon
67%
28th December 2022 to 4th January 2023 night
67%
2nd November 2022 to 9th November 2022 orange
67%
28th August 2024 to 4th September 2024 planet
67%
13th April 2022 to 20th April 2022 space
67%
19th January 2022 to 26th January 2022 star
67%
25th September 2024 to 2nd October 2024 stella
67%
19th October 2022 to 26th October 2022 table
67%
13th September 2023 to 20th September 2023 yuki (snow)
67%
22nd May 2024 to 29th May 2024 adventure
33%
14th December 2022 to 21st December 2022 air
33%
19th June 2024 to 26th June 2024 amino
33%
9th November 2022 to 16th November 2022 animals
33%
31st July 2024 to 7th August 2024 atoze (nitrogen)
33%
6th December 2023 to 13th December 2023 aurora
33%
8th May 2024 to 15th May 2024 autumn
33%
24th August 2022 to 31st August 2022 balloon
33%
2nd August 2023 to 9th August 2023 bird
33%
3rd May 2023 to 10th May 2023 blossom
33%
22nd March 2023 to 29th March 2023 box
33%
31st May 2023 to 7th June 2023 bright
33%
22nd November 2023 to 29th November 2023 candle
33%
14th August 2024 to 21st August 2024 castle
33%
30th November 2022 to 7th December 2022 cloud
33%
5th July 2023 to 12th July 2023 crystal
33%
19th July 2023 to 26th July 2023 demon
33%
23rd March 2022 to 30th March 2022 desert and desserts
33%
21st September 2022 to 28th September 2022 drinks
33%
11th September 2024 to 18th September 2024 eclipse
33%
11th October 2023 to 18th October 2023 flame
33%
14th September 2022 to 21st September 2022 froze
33%
26th October 2022 to 2nd November 2022 halloween
33%
27th March 2024 to 3rd April 2024 honey
33%
4th May 2022 to 11th May 2022 insects
33%
7th June 2023 to 14th June 2023 jewel
33%
14th February 2024 to 21st January 2024 joy
33%
6th July 2022 to 13th July 2022 king
33%
28th September 2022 to 5th October 2022 leaf
33%
28th February 2024 to 6th March 2024 link
33%
5th April 2023 to 12th April 2023 magic
33%
18th May 2022 to 25th May 2022 mammals
33%
31st January 2024 to 7th February 2024 map
33%
4th December 2024 to 11th December 2024 meadow
33%
20th November 2024 to 27th November 2024 melody
33%
21st June 2023 to 28th June 2023 mermaid
33%
10th April 2024 to 17th April 2024 milestone
33%
3rd January 2024 to 10th January 2024 mushroom
33%
16th August 2023 to 23rd August 2023 numbers
33%
7th December 2022 to 14th December 2022 paint
33%
5th June 2024 to 12th June 2024 peanut
33%
23rd October 2024 to 30th October 2024 potion
33%
19th April 2023 to 26th April 2023 psychic
33%
30th August 2023 to 6th September 2023 purity
33%
13th March 2024 to 20th March 2024 rainbow
33%
9th October 2024 to 16th October 2024 renovate
33%
25th May 2022 to 1st June 2022 reptiles
33%
8th November 2023 to 15th November 2023 rest
33%
20th December 2023 to 27th December 2023 rest
33%
5th October 2022 to 12th October 2022 road
33%
24th April 2024 to 1st May 2024 robot
33%
17th January 2024 to 24th January 2024 rosalina
33%
11th May 2022 to 18th May 2022 royal
33%
21st December 2022 to 28th December 2022 sand
33%
1st June 2022 to 8th June 2022 sky wings
33%
18th December 2024 to 25th December 2024 spark
33%
25th October 2023 to 1st November 2023 spider
33%
6th April 2022 to 13th April 2022 time
33%
17th May 2023 to 24th May 2023 train
33%
12th October 2022 to 19th October 2022 umbrella
33%
17th July 2024 to 24th July 2024 utopia
33%
27th September 2023 to 4th October 2023 violet
33%
15th June 2022 to 22nd June 2022 voodoo
33%
3rd July 2024 to 10th July 2024 windmill
33%
27th July 2022 to 3rd August 2022 world
33%
No matching quizzes found
Score Distribution
Percent of People with Each Score
Percentile by Number Answered
Your Score History
You have not taken this quiz